〈ポケモン〉シルエットクイズ #5 - Statistics

General Stats
  • This quiz has been taken 30 times
  • The average score is 14 of 15
Answer Stats
Picture Answer % Correct
ミュウツー
100%
フシギバナ
100%
トサキント
96%
ラッキー
96%
ゴローニャ
96%
レアコイル
96%
スターミー
93%
マタドガス
93%
ウツボット
93%
ルージュラ
89%
ドードリオ
89%
ピジョン
89%
ユンゲラー
86%
ニドクイン
82%
モルフォン
79%
No matching quizzes found
Score Distribution
Percent of People with Each Score
Percentile by Number Answered
Your Score History
You have not taken this quiz